Editor & Publisher

Detalles Bibliográficos
Formato: eBook
Lenguaje:inglés
Publicado: Fountain Valley: Duncan McIntosh Company, Inc., 2015 -
Materias:
Acceso en línea:Acceso restringido

MARC

LEADER 00000nam a22000007a 4500
005 20191022133447.0
007 cr|||| ||||
008 191022c20159999us mr|w s|||| 0|||b1eng d
022 |a 0013-094X 
035 |a 22186 
040 |a vLex 
090 |c 9935  |d 9935 
245 0 0 |a Editor & Publisher  |h [Recurso electrn̤ico] / 
256 |a Servicio en ln̕ea 
260 |a Fountain Valley:  |b Duncan McIntosh Company, Inc.,  |c 2015 - 
300 |a 1 recurso electrn̤ico 
310 |a Mensual 
506 1 |a Disponible solo en los productos indicados  |d vLex Global  |d vLex Global (Academic Edition, excluding Law Schools)  |d vLex Global (Academic Edition, Law Schools) 
650 0 4 |a Economa̕ y negocios  |z Estados Unidos 
740 0 |a vLex Revistas (Servicio en ln̕ea) 
856 4 0 |u http://vlex.com/source/editor-and-publisher-22186  |z Acceso restringido 
942 |c REV 
999 0 |a Economy and business